| 000 | 00834nam a2200253 a 4500 | ||
|---|---|---|---|
| 001 | 000010694 | ||
| 005 | 20240412074220.0 | ||
| 008 | 091009s1987 dr a r 000 p spa d | ||
| 040 |
_aDO-SdBNP _bspa _cBNPHU |
||
| 082 |
_aRD861.44 _bM632f |
||
| 100 | 1 |
_aMieses, Juan Carlos, _d1947- _925472 |
|
| 245 | 1 | 0 |
_aFlagellum Dei / _cJuan Carlos Mieses. |
| 260 |
_aSanto Domingo : _bTaller, _c1987. |
||
| 300 |
_a78 p. : _bil. ; _c24 cm. |
||
| 490 | 1 |
_aPoesía _v7 |
|
| 500 | _aIncluye datos biográficos del autor en la solapa de la cubierta. | ||
| 500 | _aIncluye notas al pie de las páginas. | ||
| 586 | _aPremio Siboney de Poesía 1985. | ||
| 590 | _aInventariado, 2018/BT | ||
| 650 | 0 |
_aPoesía dominicana _966 |
|
| 650 | 0 |
_aLiteratura dominicana. _967 |
|
| 830 | 0 |
_aPoesía _n7 _925896 |
|
| 910 | _aValidado. Control de calidad. MFF | ||
| 999 |
_c10449 _d10449 |
||